Ang Pulang unano : (Record no. 293545)
[ view plain ]
| 000 -LEADER | |
|---|---|
| fixed length control field | 00753nam a2200229Ia 4500 |
| 008 - FIXED-LENGTH DATA ELEMENTS--GENERAL INFORMATION | |
| fixed length control field | 160418s9999 xx 000 0 und d |
| 020 ## - INTERNATIONAL STANDARD BOOK NUMBER | |
| International Standard Book Number | 971-19-0208-7 |
| 050 ## - LIBRARY OF CONGRESS CALL NUMBER | |
| Classification number | FIL PQ 1262 |
| 050 ## - LIBRARY OF CONGRESS CALL NUMBER | |
| Item number | .P85 1996 |
| 245 ## - TITLE STATEMENT | |
| Title | Ang Pulang unano : |
| 245 ## - TITLE STATEMENT | |
| Remainder of title | at iba pang mga kuwentong pranses / |
| 245 ## - TITLE STATEMENT | |
| Statement of responsibility, etc | Mariette Condroyer… [et al]; lupon ng tagapagsalin, Randy M. Bustamante… [et al]; pinili ang mga kuwento ni Jean-Marie Laclavetine. |
| 260 ## - PUBLICATION, DISTRIBUTION, ETC. (IMPRINT) | |
| Place of publication, distribution, etc | Manila : |
| 260 ## - PUBLICATION, DISTRIBUTION, ETC. (IMPRINT) | |
| Name of publisher, distributor, etc | Cacho Pub. House |
| 260 ## - PUBLICATION, DISTRIBUTION, ETC. (IMPRINT) | |
| Date of publication, distribution, etc | 1996 |
| 300 ## - PHYSICAL DESCRIPTION | |
| Extent | 134 pages : |
| 300 ## - PHYSICAL DESCRIPTION | |
| Other physical details | illustrations ; |
| 300 ## - PHYSICAL DESCRIPTION | |
| Dimensions | 22 cm. |
| 440 ## - SERIES STATEMENT/ADDED ENTRY--TITLE | |
| Title | Salin translation series |
| 650 ## - SUBJECT ADDED ENTRY--TOPICAL TERM | |
| Topical term or geographic name as entry element | French fiction -- Collected works -- Translations into Tagalog. |
| 650 ## - SUBJECT ADDED ENTRY--TOPICAL TERM | |
| General subdivision | French literature. |
| Withdrawn status | Lost status | Damaged status | Home library | Current library | Shelving location | Date acquired | Cost, normal purchase price | Total Checkouts | Full call number | Barcode | Date last seen | Price effective from | Koha item type |
|---|---|---|---|---|---|---|---|---|---|---|---|---|---|
| South Mansfield College | South Mansfield College | Filipiniana Section | 03/07/2005 | 160.00 | FIL PQ 1262 .P85 1996 | SMC01592 | 04/18/2016 | 04/18/2016 |